<The> diplomacy of trade and investment American economic expansion in the Hemisphere

Gespeichert in:
Bibliographische Detailangaben
1. Verfasser: Pletcher, David M.
Format: Buch
Sprache:Englisch
Veröffentlicht: Columbia University of Missouri Press 1998
Schlagworte:
Tags: Tag hinzufügen
Keine Tags, Fügen Sie das erste Tag hinzu!

MARC

LEADER 00000nam a2200000 4500
001 c115447
005 20221221082036.7
020 |a 0-8262-1127-5 
041 0 |a eng 
044 |a US 
245 1 0 |a <The> diplomacy of trade and investment  |b American economic expansion in the Hemisphere  |c David M. Pletcher 
264 1 |a Columbia  |b University of Missouri Press  |c 1998 
300 |a 458 s. 
610 2 0 |a diplomacia 
610 2 0 |a obchod 
610 2 0 |a investície 
610 2 0 |a podnikanie 
610 2 0 |a podnikanie obchodné 
610 2 0 |a 1865-1900 
610 2 0 |a USA 
100 1 |a Pletcher, David M.